| 000 | 01223cam a2200373 a 4500 | ||
|---|---|---|---|
| 001 | 11940370 | ||
| 003 | OSt | ||
| 005 | 20140310182851.0 | ||
| 008 | 000314s2001 maua 001 0 eng | ||
| 010 | _a 00035478 | ||
| 020 | _a0072399112 (sc : alk. paper) | ||
| 040 |
_aDLC _cDLC _dDLC |
||
| 050 | 0 | 0 |
_aQC 21.2 _b.J76 2001 |
| 082 | 0 | 0 |
_aM 530 _bJ71 1997 _23rd ed. |
| 100 | 1 | _aJones, Edwin R., | |
| 245 | 1 | 0 |
_aContemporary College Physics _cJones, Dr. Edwin; Childers, Dr. Richard |
| 246 | 3 | 0 | _aPhysics |
| 250 | _a3rd ed. | ||
| 260 |
_aNew York : _bMcGraw-Hill Companies, Inc., _cc2001 |
||
| 300 |
_axx, 1025 p. _bill. ; _c24 cm. |
||
| 500 | _a"International edition"--Cover. | ||
| 500 | _aIncludes index. | ||
| 521 | _aCollege Students | ||
| 526 | _c1210L-1700L | ||
| 541 | _j1 | ||
| 541 | _j2 | ||
| 541 | _j3 | ||
| 562 | _efor circulation : 3 copies in the collection | ||
| 650 | 0 | _aPhysics. | |
| 700 | 1 | _aChilders, Richard L. | |
| 906 |
_a7 _bcbc _corignew _d1 _eocip _f20 _gy-gencatlg |
||
| 942 |
_2lcc _cBK _kM |
||
| 999 |
_c16990 _d16990 |
||